000
00297nam a22001337a 4500
020
_a
81-8388-367-2
082
_a
494
_b
SPI/C
100
_a
SPIDER BOOKS
245
_a
MY BOOK OF CURSIVE WRITING
260
_a
CHENNAI
_b
SPIDER BOOKS
300
_a
16
650
_a
ENGLISH WRITING
_z
INDIA
942
_c
BK
999
_c
2278
_d
2278